Srimad bhagavadgita/ (Record no. 43840)

000 -LEADER
fixed length control field 00328nam a22001331a 4500
020 ## - INTERNATIONAL STANDARD BOOK NUMBER
International Standard Book Number 9788170813767
082 ## - DEWEY DECIMAL CLASSIFICATION NUMBER
Classification number 294.592 4
Item number RAI/S
100 ## - MAIN ENTRY--PERSONAL NAME
Personal name Raina Som Nath
9 (RLIN) 121372
245 ## - TITLE STATEMENT
Title Srimad bhagavadgita/
Statement of responsibility, etc. by Raina Som Nath
260 ## - PUBLICATION, DISTRIBUTION, ETC.
Place of publication, distribution, etc. Delhi:
Name of publisher, distributor, etc. Nag,
Date of publication, distribution, etc. 1997.
300 ## - PHYSICAL DESCRIPTION
Extent 426p.
650 ## - SUBJECT ADDED ENTRY--TOPICAL TERM
Topical term or geographic name entry element Bhagavad Gita
9 (RLIN) 121373
942 ## - ADDED ENTRY ELEMENTS (KOHA)
Koha item type Book
Holdings
Withdrawn status Lost status Damaged status Not for loan Permanent Location Current Location Date acquired Cost, normal purchase price Total Checkouts Full call number Barcode Date last seen Cost, replacement price Price effective from Koha item type
Write off     Not For Loan Sree Sankaracharya University of Sanskrit Sree Sankaracharya University of Sanskrit 08.01.2015 300.00   294.592 4 RAI/S 005369 08.01.2015 0.00 08.01.2015 Book